Central Library OPAC University of Rajshahi

Social consciousness and reality / (Record no. 25457)

MARC details
000 -LEADER
fixed length control field 01001cam a2200313 i 4500
001 - CONTROL NUMBER
control field 25457
003 - CONTROL NUMBER IDENTIFIER
rucl marc code BD-RjUL
005 - DATE AND TIME OF LATEST TRANSACTION
control field 20211209050901.0
008 - FIXED-LENGTH DATA ELEMENTS--GENERAL INFORMATION
fixed length control field 140318s1976 yu b 001 0 eng
035 ## - SYSTEM CONTROL NUMBER
System control number (BD-RjUL)25527
040 ## - CATALOGING SOURCE
Original cataloging agency DLC
Transcribing agency DLC
Modifying agency DLC
-- BD-RjUL
Language of cataloging eng
041 1# - LANGUAGE CODE
Language code of text/sound track or separate title engscr
082 00 - DEWEY DECIMAL CLASSIFICATION NUMBER
Classification number 329.9497
Author mark and year VLS
100 1# - MAIN ENTRY--PERSONAL NAME
Personal name Vlahović, Veljko.
9 (RLIN) 78277
245 10 - TITLE STATEMENT
Title Social consciousness and reality /
Statement of responsibility, etc. Veljko Vlahović.
260 ## - PUBLICATION, DISTRIBUTION, ETC. (IMPRINT)
Place of publication, distribution, etc. Beograd :
Name of publisher, distributor, etc. Komunist,
Date of publication, distribution, etc. 1976.
300 ## - PHYSICAL DESCRIPTION
Pagination 340 p. ;
Size 20 cm.
490 0# - SERIES STATEMENT
Series statement Book series - Socialist Thought and Practice
500 ## - GENERAL NOTE
General note Translation of Svijest i stvarni život.
504 ## - BIBLIOGRAPHY, ETC. NOTE
Bibliography, etc Includes Bibliography: p. 329-332 and index.
610 20 - SUBJECT ADDED ENTRY--CORPORATE NAME
Corporate name or jurisdiction name as entry element Savez komunista Jugoslavije
650 #0 - SUBJECT ADDED ENTRY--TOPICAL TERM
Topical term or geographic name as entry element Minorities
Geographic subdivision Yugoslavia.
9 (RLIN) 78279
Topical term or geographic name as entry element Communism.
9 (RLIN) 78280
651 #0 - SUBJECT ADDED ENTRY--GEOGRAPHIC NAME
Geographic name Yugoslavia
General subdivision Politics and government
Chronological subdivision 1945-1980.
9 (RLIN) 78281
942 ## - ADDED ENTRY ELEMENTS (KOHA)
Source of classification or shelving scheme Dewey Decimal Classification
Koha item type Books
Holdings
Lost status Source of classification or shelving scheme Damaged status Not for loan Collection code Permanent Location Current Location Shelving location Date acquired Source of acquisition Cost, normal purchase price Total Checkouts Full call number Date last seen Copy number Koha item type
  Dewey Decimal Classification   Added to bundle Non-fiction Central Library, University of Rajshahi Central Library, University of Rajshahi Reading Room 03/02/1980 Netherland 0.00   329.9497 VLS 1976 18/03/2014 C-1 Books